00230nas a2200097Ia 4500008004100000245003200041260000900073310001200082500001800094650002000112150201s2011 xx 000 0 und d aAnnual Review of Physiology c2011 aAnnualy aINTERNATIONAL aHuam Physiology